| 000 | 00785nam a2200217 4500 | ||
|---|---|---|---|
| 001 | 109511 | ||
| 003 | ES-MaACL | ||
| 005 | 20251009185115.0 | ||
| 007 | t| | ||
| 008 | 061121s1973 sp r ||||1| spa d | ||
| 100 | 1 |
_aMuller, Charles, _d1909- _984118 |
|
| 245 | 1 | 0 |
_aEstadística lingüística / _cCharles Muller; versión española de Antonio Quilis. |
| 260 |
_aMadrid : _bGredos, _c1973. |
||
| 300 |
_a416 p. ; _c21 cm. |
||
| 490 | 1 |
_aBiblioteca románica hispánica. Estudios y ensayos ; _vVol. 201 |
|
| 650 | 1 | 7 |
_aLingüística matemática _2embne _914479 |
| 700 | 1 |
_aQuilis, Antonio, _d1933-2003 _994630 |
|
| 830 | 0 |
_aBiblioteca románica hispánica. II. Estudios y ensayos _vVol. 201 _9178108 |
|
| 852 |
_aES-MaACL _jE-5526 _bR.89877 |
||
| 999 |
_c109511 _d109511 |
||